000
00274nam a2200097Ia 4500
008
220204s9999 xx 000 0 und d
082
_a
338.45.01
_b
IND;1
245
0
_a
Programmes of industrial development 1956-61
260
_a
Delhi
_b
Manager of publications
_c
1956
942
_c
BK
999
_c
20071
_d
20071